| 000 | 00839nam a2200265 a 4500 | ||
|---|---|---|---|
| 001 | 33496 | ||
| 003 | BD-RjUL | ||
| 005 | 20211209052023.0 | ||
| 008 | 140508s1966 nju b 000 0 eng | ||
| 035 | _a(BD-RjUL)33587 | ||
| 040 |
_aDLC _cWSU _dm.c _dOCL _dSER _dBD-RjUL _beng |
||
| 041 | _aeng | ||
| 082 |
_a301.1018 _bBRH 1966 |
||
| 100 | 1 |
_aBruyn, Severyn Ten Haut, _d1927- _9101362 |
|
| 245 | 1 | 4 |
_aThe human perspective in sociology : _bthe methodology of participant observation / _c[by] Severyn T. Bruyn |
| 260 |
_aEnglewood Cliffs : _bPrentice-Hall, _cc1966 |
||
| 300 |
_axviii, 286 p. ; _c24 cm |
||
| 504 | _aBibliographical footnotes | ||
| 504 | _aIncludes index | ||
| 650 | 0 |
_aSociology _xMethodology _9101652 |
|
| 830 | 0 |
_aPrentice-Hall sociology series _9101654 |
|
| 942 |
_2ddc _cBK |
||
| 999 |
_c33496 _d33496 |
||